000 00571nam a22001937a 4500
003 LK-CoDNM
005 20250224123150.0
008 250224b |||||||| |||| 00| 0 eng d
040 _aLK-CoDNM
_dLK-CoDNM
_eLK-CoDNM
041 _aeng
080 _aRC
_b358
100 _aDeraniyagala P.E.P
245 _aA Colored Atlas of some Vertebrates from Ceylon
_bSerpentoid Reptilia
260 _aCeylon
_bGovernment Press
_c1955
300 _a121p.: ill, 25cm
650 _aA Colored Atlas of some Vertebrates from Ceylon
650 _aSerpentoid Reptilia
942 _cBK
999 _c238361
_d238361